Französisch die Tiere lernen - Statistiken

Allgemein
  • Dieses Quiz wurde 32 mal gespielt
  • Das Durchschnittsergebnis liegt bei 14 aus 69
Antwortstatistiken
Deutsch Französisch % Korrekt
Tier Animal
86%
Katze Chat
86%
Hund Chien
79%
Pferd Cheval
64%
Löwe Lion
46%
Hahn Coq
43%
Elefant Éléphant
43%
Kuh Vache
43%
Bär Ours
39%
Maus Souris
36%
Tiger Tigre
36%
Schwein Cochon
32%
Ratte Rat
32%
Ente Canard
29%
Gazelle Gazelle
29%
Vogel Oiseau
29%
Fisch Poisson
29%
Schaf Mouton
25%
Schlange Serpent
25%
Ziege Chèvre
21%
Giraffe Girafe
21%
Kaninchen Lapin
21%
Fliege Mouche
21%
Schmetterling Papillon
21%
Huhn Poule
21%
Bienne Abeille
18%
Insekt Insecte
18%
Wolf Loup
18%
Fuchs Renard
18%
Schildkröte Tortue
18%
Zebra Zèbre
18%
Esel Âne
14%
Spinne Araignée
14%
Krabbe Crabe
14%
Krokodil Crocodile
14%
Mücke / Moskito Moustique
14%
Panther Panthère
14%
Affe Singe
14%
Lamm Agneau
11%
Adler Aigle
11%
Hirsch / Reh Cerf
11%
Schimpanse Chimpanzé
11%
Marienkäfer Coccinelle
11%
Delfin Dauphin
11%
Eichhörnchen Écureuil
11%
Eule Hibou
11%
Goldfisch Poisson rouge
11%
Nashorn Rhinocéros
11%
Wildschwein Sanglier
11%
Bulle / Stier Taureau
11%
Biber Castor
7%
Versuchskaninchen Cochon d‘inde
7%
Ameisen Fourmis
7%
Nilpferd Hippopotame
7%
Säugetier Mammifère
7%
Spatz Moineau
7%
Schwertwal / Killerwal Orque
7%
Pfau Paon
7%
Taube Pigeon
7%
Küken Poussin
7%
Hai Requin
7%
Pavian Babouin
4%
Wal Baleine
4%
Hirsch Chevreuil
4%
Seepferdchen Hippocampe
4%
Luchs Lynx
4%
Murmeltier Marmotte
4%
Robbe / Seehund Phoque
4%
Krake Pieuvre
4%
Keine übereinstimmenden Quizze gefunden
Verteilung der Resultate
Anzahl Personen mit jedem Resultat
Perzentil nach korrekt beantworteten Fragen
Ihre Resultats-Entwicklung
Sie haben dieses Quiz noch nicht gespielt